000 00872cam a22002054a 4500
005 20250605164021.0
008 250528s ||||||||||||||||||||||||d
035 _a16353
020 _a830691758
040 _aGR-AtMCL
_bgre
_dGR-AtMCL
_eAACR2
245 1 _aData Cad / For the Architect
260 _c1989
300 _a276
520 _aThis book introduces the architect to the World of Computer-Aided Design (CAD), using sophisticated DataCAD Software. Acknowledgements, Overview, Beginning Data CAD, Basic Drafting Techniques, Windowing, Adding Symbols, Plotting Your Drawing, Creating Initial Site Plans, Copying Techniques, Detail Drawings, Creating Templates and Symbols, Creating Your Default Drawings, Final Exercises, Index.
700 1 _aBuehrens Carol
_92445
700 1 _aTab Books
_92446
942 _cBK
999 _c1863
_d1863